Daňové a odvodové zaťaženie – vplyv na trh práce
Vybrané teoretické prístupy k vplyvu daňovo-odvodového zaťaženia na trh práce. Mikroekonomický a makroekonomický pohľad vplyvu na trh práce. Meranie daňového a odvodového zaťaženia.
Salvato in:
| Autore principale: | |
|---|---|
| Altri autori: | |
| Natura: | Capitolo di libro |
| Lingua: | slovacco |
| Soggetti: | |
| Tags: |
Nessun Tag, puoi essere il primo ad aggiungerne!!
|
MARC
| LEADER | 00000naa a2200000 4500 | ||
|---|---|---|---|
| 001 | 0249947 | ||
| 005 | 20240502074012.6 | ||
| 041 | 0 | |a slo | |
| 044 | |a SK | ||
| 245 | 1 | 0 | |a Daňové a odvodové zaťaženie – vplyv na trh práce |c Eva Rievajová, Alžbeta Kovárová |
| 520 | |a Vybrané teoretické prístupy k vplyvu daňovo-odvodového zaťaženia na trh práce. Mikroekonomický a makroekonomický pohľad vplyvu na trh práce. Meranie daňového a odvodového zaťaženia. | ||
| 610 | 2 | 0 | |a trh práce |
| 610 | 2 | 0 | |a zaťaženie daňové |
| 610 | 2 | 0 | |a odvody |
| 610 | 2 | 0 | |a zamestnávatelia |
| 610 | 2 | 0 | |a meranie |
| 100 | 1 | |a Rievajová, Eva | |
| 700 | 1 | |a Kovárová, Alžbeta | |